[Event "Club Rapid"]
[Site "Wellington Chess Club"]
[Date "2013.07.04"]
[Round "?"]
[White "Brockway, Andrew"]
[Black "Timergazi, Layla"]
[Result "1-0"]
[WhiteElo "1636"]
[BlackElo "1719"]
[Annotator "Brockway,Andrew"]
[PlyCount "61"]

1. e4 c6 2. d4 d5 3. exd5 cxd5 4. Bd3 Nc6 5. c3 {According to my records Layla
and I have played the Caro Kann Exchange Variation 3 times with Layla winning
twice and 1 draw. Lets say my confidence is not high.} 5... Nf6 6. Bf4 e6 7.
Nf3 Bd6 8. Bxd6 Qxd6 9. O-O O-O 10. Re1 ( {I deviate from the book line that
follows first.} 10. Qe2 Bd7 11. Nbd2 Rfe8 12. Ne5 {According to my book in this
position"White takes over an important outpost on e5 and and prepares a
powerful attack on the kingside. The plan is quite simple: f4, Rae1, followed
by g4-g5. Black's pieces are very passively placed." This is similar to what
happened in the game.} ) 10... Bd7 11. Nbd2 Rfe8 12. Ne5 Qc7 13. f4 a6 14. a4 {
I take time out to try and prevent Layla's expansion on the queenside.} 14...
a5 15. Ndf3 Rac8 16. Ng5 Nd8 17. Bc2 {This was a bit of a waste of time.
Rybbers prefers Qc2 but as it turns out my queen was handily placed on the
d1-h5 diagonal.} 17... h6 18. Nh3 Nc6 19. g4 Nxe5 {I think this helps me
because Layla's pieces remain passively placed and I am poised for a kingside
attack.} 20. fxe5 Nh7 21. g5 hxg5 {Rybbers doesn't like this and suggests Qd8.}
22. Bxh7+ Kxh7 23. Qh5+ Kg8 24. Nxg5 Bc6 25. Rf1 f5 {#Diagram Up until here my
moves have been easy to find. Rybbers say pxp ep (which I almost played)
results in mate in 10. Unfortunately I didn't see the mate in 10.} 26. Qh7+ (
26. exf6 gxf6 27. Rxf6 Qg7 28. Rg6 Re7 29. Qh7+ Kf8 30. Rf1+ Ke8 31. Rxg7)
26... Kf8 27. Qh8+ {I am starting to go wrong!}  (27. Rxf5+ exf5 28. Qxf5+ Ke7
29. Qe6+ Kd8 30. Nf7+ Qxf7 31. Qxf7) 27... Ke7 28. Qxg7+ Kd8 29. Nf7+ Kd7 30.
Nd6+ Re7 31. Qg6 {I didn't record the rest of the game but at this stage Layla
was in time trouble. I ended up getting my rooks to the back rank and somehow
won the game.} 1-0

[Event "Club Championships"]
[Site "Wellington Chess Club"]
[Date "2013.08.01"]
[Round "1"]
[White "Aldridge, Alan"]
[Black "Forster, Bill"]
[Result "0-1"]
[WhiteElo "1990"]
[BlackElo "2071"]

1. e4 c5 2. Nf3 a6 {The O'Kelly variation - I didn't want a repeat of my
debacle in the Rapid!} 3. d4 {I was pleased to see this as a normal open
Sicilian doesn't really work against the O'Kelly} 3... cxd4 4. c3 {Annoying.
Unfortunately for me White still has this option to get a reasonable opening -
transposition to the Smith Morra. It has a poor reputation at elite level but
is a good club chess weapon} 4... dxc3 5. Nxc3 d6 6. Bc4 e6 7. O-O Be7 8. Qe2
Nc6 9. Bf4 Nf6 10. Rad1 {The wrong rook - the thematic setup is rooks on c1 and
d1} 10... Qc7 11. e5 {#Diagram} 11... d5 $2 {My original intention was to
simply capture after which Black is solid with good chances of emerging a solid
extra pawn up. But at the last moment I saw this tricky move leading to complex
and interesting play}  ( {Amusingly black's best is another tricky move with
tactical justification} 11... Nh5 $1 {allowing the capture on d6 because after
} 12. exd6 Nxf4 {both queens are attacked. I missed that one entirely} ) 12.
exf6 Qxf4 13. Bxd5 gxf6 14. g3 Qc7 15. Rfe1 Bd7 16. Bc4 O-O-O 17. a3 Ne5 18.
Nxe5 fxe5 19. Rc1 Kb8 20. b4 h5 21. Bd3 Qb6 22. Qxe5+ Bd6 23. Qe3 Qxe3 24. Rxe3
h4 25. Ne4 Bc7 26. Nc5 Bc6 {#Diagram} 27. Bxa6 {clever but}  (27. Nxa6+ $1 {is
much better because then black cannot decline } ) 27... hxg3 28. fxg3 Rd2
{#Diagram}  ( {I saw} 28... Rxh2 29. Kxh2 Rh8+ 30. Kg1 Rh1+ 31. Kf2 Rxc1 {with
advantage, but thought (wrongly) I deserved more!} ) 29. Re2 $2 {I hadn't
noticed white could do this, but my annoyance was misplaced because it's a
mistake.} 29... Rd4 $2 30. Re3 Rd2 31. Re2 $2 {I was hoping for this - I am not
settling for a draw, I've belatedly seen how to refute Re2} 31... Rxe2 32. Bxe2
Bxg3 $1 {And the h pawn is going as well, after which, with an extra pawn, two
bishops, and a passed and connected pawn duo I have good chances of crushing my
enemies, seeing them driven before me, and hearing the lamentation of their
women. (Conan the Barbarian quote, courtesy of my colleague Jaron Peek). } 33.
Nd3 $2 {Not very resilient} 33... Rxh2 {Now avoiding mate will cost white a lot
more material} 0-1

[Event "Club Championships"]
[Site "Wellington Chess Club"]
[Date "2013.08.01"]
[Round "1"]
[White "Brockway, Andrew"]
[Black "Whittle, Jonathon"]
[Result "1-0"]
[WhiteElo "1770"]
[BlackElo "1736"]

1. e4 g6 2. Nc3 Bg7 3. f4 d6 4. Nf3 a6 5. Bc4 e6 6. O-O b5 7. Bb3 Bb7 8. d3 c5
9. Qe1 Ne7 10. a4 b4 11. Nd1 O-O 12. Qg3 d5 13. e5 Nf5 14. Qf2 Qc7 15. Ne3 c4
16. Nxf5 gxf5 17. Ba2 Nd7 18. Bb1 a5 19. Be3 c3 20. bxc3 Qxc3 21. Bd4 Qc7 22.
Ba2 f6 23. Rfe1 Rae8 24. Bb3 Rf7 25. Re2 Bf8 26. Rae1 Nc5 27. exf6 Nxb3 28.
cxb3 Bc8 29. Ng5 Bd6 30. Nxf7 Kxf7 31. Be5 Bxe5 32. fxe5 Qc3 33. Qa7+ Kf8 34.
Qg7# 1-0

[Event "Club Championships"]
[Site "Wellington Chess Club"]
[Date "2013.08.01"]
[Round "1"]
[White "Cook, John"]
[Black "Rossiter, Philip"]
[Result "1/2-1/2"]
[WhiteElo "1604"]
[BlackElo "1836"]

1. d4 e6 2. e3 Nf6 3. Bd3 c5 4. c3 Nc6 5. Nd2 b6 6. f4 Bb7 7. Ngf3 Qc7 8. O-O
Rc8 9. Ne5 d6 10. Nef3 Be7 11. Ng5 Na5 12. Qe2 O-O 13. Ngf3 Nc6 14. Nc4 b5 15.
Ncd2 c4 16. Bc2 e5 17. fxe5 dxe5 18. e4 Rfd8 19. d5 Bc5+ 20. Kh1 Ne7 21. Ng5
Qd6 22. Ndf3 Ng6 23. Be3 h6 24. Nh3 Rc7 25. Bxc5 Qxc5 26. Rac1 Re7 27. Qe1 Bc8
28. Nf2 Rd6 29. b4 Qb6 30. a4 a6 31. a5 Qa7 32. Nd1 Nf4 $5 33. Nxe5 Nxg2 34.
Nc6 Nxe1 35. Nxa7 Rxa7 36. Rxe1 Re7 37. Nf2 Re5 38. Bd1 {#Diagram An unusual
position - rooks are unlikely blockaders} 38... Ne8 (38... Nxd5)  ( {or} 38...
Rdxd5) 39. Bf3 Rf6 40. Re3 Nd6 41. Rce1 Rf4 42. R1e2 g5 43. Bg2 Kf8 44. Rf3
Rxf3 45. Bxf3 Ke7 46. h3 Bd7 47. Kh2 Kf6 48. Kg3 Kg6 49. Kg2 1/2-1/2

[Event "Club Championships"]
[Site "Wellington Chess Club"]
[Date "2013.08.01"]
[Round "1"]
[White "Cunningham, Patrick"]
[Black "Veldhuizen, Matt"]
[Result "1-0"]
[WhiteElo "1590"]
[BlackElo "1574"]

1. e4 c6 2. d4 d5 3. Nc3 dxe4 4. Nxe4 Bf5 5. Ng3 Bg6 6. Nf3 e6 7. Bd3 Bxd3 8.
Qxd3 Nf6 9. O-O Nbd7 10. Re1 Be7 11. Bg5 O-O 12. Rad1 h6 13. Be3 Bd6 14. Ne4
Nxe4 15. Qxe4 Nf6 16. Qh4 Nd5 17. Qg4 Nf6 18. Qh4 Nd5 19. Qh3 Nxe3 20. Rxe3 Qc7
21. Rde1 Qb6 22. Rb3 Qc7 23. Ne5 Bxe5 24. dxe5 Rad8 25. Qg4 Rd5 26. Rg3
{#Diagram} 26... Qxe5 $4 {This would be okay if there was a back rank mate but
it's an illusion} 1-0

[Event "Club Championships"]
[Site "Wellington Chess Club"]
[Date "2013.08.01"]
[Round "1"]
[White "Dive, Russell"]
[Black "Stone, Andrew"]
[Result "1-0"]
[WhiteElo "2421"]
[BlackElo "2076"]

1. Nf3 c5 2. c4 Nc6 3. Nc3 g6 4. g3 Bg7 5. Bg2 d6 6. O-O Nf6 7. d3 O-O 8. a3 d5
9. cxd5 Nxd5 10. Bd2 e6 11. Rb1 Re8 12. Qc2 Qe7 13. Rfc1 Bd7 14. b4 cxb4 15.
Nxd5 exd5 16. axb4 Bg4 17. e3 d4 18. e4 Rac8 19. Qa4 Qf6 20. Bg5 Qe6 21. b5
Bxf3 22. bxc6 Bxg2 {#Diagram now comes a nice Zwichenzug to win material} 23.
cxb7 $1 Rb8 (23... Rxc1+ 24. Bxc1 $1 {keeps the queening threat alive} ) 24.
Kxg2 f5 25. Bf4 Be5 26. Rc6 Qe7 27. Qc4+ Kh8 28. Bxe5+ Qxe5 29. Rb5 Qg7 30. Rc7
Qf6 31. Rf7 1-0

[Event "Club Championships"]
[Site "Wellington Chess Club"]
[Date "2013.08.01"]
[Round "1"]
[White "Ker, Anthony"]
[Black "Sellen, Ian"]
[Result "1-0"]
[WhiteElo "2422"]
[BlackElo "2072"]

1. e4 e6 2. d4 d5 3. e5 c5 4. c3 Qb6 5. Nf3 Bd7 6. a3 a5 7. b3 Nc6 8. Be2 Be7
9. O-O f6 10. Be3 a4 11. dxc5 {#Diagram} 11... Qxb3 $4 {the queen gets trapped}
12. Qc1 $1 d4 13. cxd4 Na5 14. Nfd2 Qd5 15. Bf3 Nb3 16. Qb2 1-0

[Event "Club Championships"]
[Site "Wellington Chess Club"]
[Date "2013.08.01"]
[Round "1"]
[White "List, Robert"]
[Black "Heaton, Ken"]
[Result "0-1"]
[WhiteElo "1702"]
[BlackElo "1684"]

1. f4 d5 2. b3 Nf6 3. Bb2 Bg4 4. Nf3 Bxf3 5. exf3 e6 6. Bd3 Bc5 7. Qe2 Qe7 8.
g3 Nbd7 9. a4 O-O 10. Qg2 e5 11. Kd1 Rfe8 12. Re1 e4 13. fxe4 dxe4 14. Nc3 Bd4
15. Ra2 Bxc3 16. Bxc3 Rad8 17. g4 Qd6;{#Diagram}
18. g5 $2 exd3 19. gxf6 Nxf6
20. Bxf6 Rxe1+ 21. Kxe1 Qxf6 22. cxd3 Qh4+ 23. Qg3 Qxg3+ 24. hxg3 Rxd3 25. Rc2
c6 26. Rc3 Rxc3 27. dxc3 f5 28. Ke2 Kf7 29. Ke3 Ke6 30. c4 c5 31. Kd3 h6 32.
Kc3 g5 33. fxg5 hxg5 34. b4 Kd6 35. Kd3 f4 36. g4 b6 0-1

[Event "Club Championships"]
[Site "Wellington Chess Club"]
[Date "2013.08.01"]
[Round "1"]
[White "Pandey, Alok"]
[Black "Stracy, Don"]
[Result "0-1"]
[WhiteElo "1901"]
[BlackElo "1851"]

1. d4 Nf6 2. c4 e6 3. Nc3 Bb4 4. Qc2 O-O 5. a3 Be7 6. e4 d6 7. Bd3 e5 8. Nge2
exd4 9. Nxd4 Nbd7 10. O-O Ne5 11. f4 Nxd3 12. Qxd3 Nd7 13. b4 Re8 14. Nd5 Bf8
15. Bb2 c6 16. Ne3 Nf6 17. Nef5 Nxe4 18. Qe2 Bxf5 19. Nxf5 f6 20. Qg4 Kh8 21.
Qh4 g6 22. Rae1 gxf5 23. Rxe4 Bg7 24. Rxe8+ Qxe8 25. Re1 Qf7 26. Qh3 Re8 27.
Rxe8+ Qxe8 28. Qxf5 $4 Qe1# 0-1

[Event "Club Championships"]
[Site "Wellington Chess Club"]
[Date "2013.08.01"]
[Round "1"]
[White "Sknar, Andrew"]
[Black "Farrington, Lawrence"]
[Result "1-0"]
[WhiteElo "1370"]
[BlackElo "1761"]

1. e4 e6 2. Nf3 d5 3. e5 c5 4. Bb5+ Bd7 5. a4 Bxb5 6. axb5 Nd7 7. O-O Ne7 8. d3
Ng6 9. Re1 Qc7 10. c4 d4 11. b3 Ndxe5 12. Nxe5 Nxe5 13. h3 (13. b6 $1) 13...
Ng6 14. g3 Bd6 15. Qg4 Qd7 16. f4 O-O 17. Kh2 Rfe8 18. h4 Nf8 {#Diagram} 19.
Ra2 $1 {This is one of my favourite manoevres, I like it when the low graders
do more than just push wood.} 19... h6 20. Rf2 Nh7 21. Rfe2 Nf6 22. Qf3 b6 23.
g4 Nh7 24. Kg2 Rac8 25. g5 hxg5 26. hxg5 g6 27. Rh1 Kg7 28. Qh3 Rh8 29. Qh6+
Kg8 30. Nd2 Bf8 31. Qh4 Bg7 32. Ne4 Kf8 33. Qg3 Ke7 34. Kg1 Rcg8 35. Reh2 Nf8
{#Diagram White's risky and enterprising play has been rewarded with a winning
position} 36. Nf6 $1 Kd8 $4 {Lawrence began plaintive wailing "I picked up the
wrong piece"} 1-0

[Event "Club Championships"]
[Site "Wellington Chess Club"]
[Date "2013.08.01"]
[Round "1"]
[White "Sknar, Andrew"]
[Black "Konakanchi, Karthik"]
[Result "0-1"]
[WhiteElo "958"]
[BlackElo "927"]

1. e4 e5 2. Nc3 Nf6 3. Nf3 Nc6 4. Bb5 Bb4 5. Bxc6 dxc6 6. a3 Bxc3 7. bxc3 Bg4
8. O-O O-O 9. h3 Bxf3 10. Qxf3 h6 11. a4 Qd6 12. Ba3 c5 13. d4 exd4 14. cxd4
Qxd4 15. Rad1 {Black went on to win} 0-1

[Event "Club Championships"]
[Site "Wellington Chess Club"]
[Date "2013.08.01"]
[Round "1"]
[White "Timergazi, Layla"]
[Black "Roberts, Michael"]
[Result "1-0"]
[WhiteElo "1889"]
[BlackElo "1781"]

1. d4 Nf6 2. c4 g6 3. Nc3 d5 4. cxd5 Nxd5 5. e4 Nxc3 6. bxc3 Bg7 7. Be3 O-O 8.
Rc1 c5 9. Nf3 Qa5 10. Qd2 cxd4 11. cxd4 Qxd2+ 12. Kxd2 Nc6 13. Bb5 Na5 14. Ke2
a6 15. Bd3 Bd7 16. Rc7 Rfd8 17. d5 b5 18. Nd2 Be5 19. Rc2 Rdc8 20. Rhc1 Rxc2
21. Rxc2 Rc8 22. Rxc8+ Bxc8 23. f4 Bc7 24. g3 e6 25. Bc5 exd5 26. exd5 Nb7 27.
Be7 f5 28. Nf3 Bd6 29. Bxd6 Nxd6 30. Ke3 Kf8 31. Kd4 Ke7 32. Ne5 Nb7 33. Nf3
Kd6 34. Ng5 h5 35. Nf7+ Ke7 36. Ne5 Kf6 37. Nc6 Nd6 38. Kc5 Ne4+ {#Diagram} 39.
Kb6 $1 {Decisive penetration into the heart of Black's position} 39... Bd7 40.
Kc7 Nc5 41. Bc2 Be8 42. Ne5 g5 43. Kd8 $1 {Continuing the theme} 43... gxf4 44.
gxf4 Bf7 45. Nxf7 Kxf7 46. Bxf5 a5 47. d6 b4 48. d7 a4 49. Kc8 Nxd7 50. Kxd7
Kf6 51. Bb1 b3 52. axb3 axb3 1-0

[Event "Club Championships"]
[Site "Wellington Chess Club"]
[Date "2013.08.01"]
[Round "1"]
[White "Tionko, Efrain"]
[Black "Kay, Bruce"]
[Result "1-0"]
[WhiteElo "1844"]
[BlackElo "1825"]

1. e4 e5 2. Nf3 Nc6 3. Nc3 Bb4 4. Nd5 Nf6 5. Nxb4 Nxb4 6. c3 Nc6 7. Qc2 O-O 8.
Bc4 d6 9. h3 h6 10. O-O Qe7 11. Re1 Be6 12. Bxe6 fxe6 13. d4 Nh5 14. d5 Nd8 15.
Be3 Nf4 16. Bxf4 Rxf4 17. Rad1 exd5 18. exd5 Nf7 19. Nd4 Ng5 20. Nf5 Qf6 21.
Ng3 Qf7 22. Rd2 Rf8 23. Ne4 Nxe4 24. Rxe4 Qf5 25. Rxf4 Qxf4 26. g3 Qf6 27. Qe4
g5 28. Qg4 Qf5 29. Qxf5 Rxf5 30. Kg2 h5 31. f3 Kg7 32. Re2 Kf7 33. Re4 Kg6 34.
a4 Rf7 35. a5 Kf5 36. Kf2 Rh7 37. Rb4 b6 38. Ke3 Rh8 39. Rc4 Rh7 40. Re4 Rg7
41. g4+ hxg4 42. hxg4+ Kf6 43. b4 Rh7 44. c4 Ke7 45. c5 Kd7 46. axb6 axb6 47.
cxb6 cxb6 48. Rc4 Rh1 49. Ke2 Rb1 50. Re4 Rb3 51. Rc4 b5 52. Rc1 Rxb4 53. Rh1
Rd4 54. Rh7+ Kc8 55. Rg7 Rxd5 56. Rxg5 Rd4 57. Rh5 b4 58. Rh1 b3 59. g5
{#Diagram} 59... Rb4 $4 (59... Kd7 60. Rh7+ Ke6 61. Rb7 Kf5 62. Rxb3 Kxg5 {etc}
) 60. g6 Kd7 61. g7 Rb8 62. Rh8 1-0

[Event "Club Championships"]
[Site "Wellington Chess Club"]
[Date "2013.08.01"]
[Round "1"]
[White "Wevita, Roshan"]
[Black "Marney, John"]
[Result "0-1"]
[WhiteElo "1600"]
[BlackElo "1511"]

1. e4 e6 2. Nc3 d5 3. e5 c5 4. Bb5+ Bd7 5. d3 a6 6. Ba4 b5 7. Bb3 c4 8. dxc4
dxc4 9. Bxc4 bxc4 10. Nf3 Bb4 11. Bd2 Ne7 12. O-O O-O 13. b3 cxb3 14. axb3 Nbc6
15. Ne4 Bxd2 16. Qxd2 Ng6 17. Qc3 Nce7 18. Rfd1 Qc8 19. Qd3 Rd8 20. Nd6 Qb8 21.
h4 Bc6 22. Ng5 Nf5 23. g3 Nxe5 24. Qc3 Rxd6 25. Re1 f6 26. f4 Qb6+ 27. Kh2 Qf2+
28. Kh3 Qg2# 0-1

[Event "Club Championships"]
[Site "Wellington Chess Club"]
[Date "2013.08.01"]
[Round "1"]
[White "Wight, Joshua"]
[Black "Bennett, Ezra"]
[Result "1-0"]
[WhiteElo "1231"]
[BlackElo "853"]

1. e4 e5 2. Nf3 Nc6 3. Bc4 Qe7 4. O-O b6 5. Nc3 Bb7 6. d3 Nd4 7. Be3 Nxf3+ 8.
Qxf3 O-O-O 9. Bxf7 h5 10. Bxg8 h4 11. Bd5 c6 12. Bb3 Qd6 13. Bg5 Be7 14. Bxe7
Qxe7 15. Qg4 {and white went on to win} 1-0

[Event "Club Championships"]
[Site "Wellington Chess Club"]
[Date "2013.08.02"]
[Round "5"]
[White "Cunningham, Patrick"]
[Black "Heaton, Ken"]
[Result "0-1"]
[WhiteElo "1590"]
[BlackElo "1684"]

1. e4 e5 2. Nf3 Nc6 3. Bc4 Nd4 $5 {#Diagram I remember trying this ancient trap
against Martin Sims (of Wellington, not Palmerston North) at Congress in
Christchurch 2001-2002. Martin was personally offended that I thought he might
fall into it!} 4. Nxe5 $2 {Remarkably, this loses material.} 4... Qg5 $1 {The
problem for White is that in this situation with a knight on d4, Qxg2 is more
damaging than normal} 5. Bxf7+ ( {One comical line is} 5. Nd3 $2 Qxg2 6. Rf1
Qxe4+ 7. Qe2 Qxe2#) 5... Kd8 6. Qh5 Qxg2 7. d3 Qxh1+ 8. Kd2 Nf6 9. Qg5 d6 10.
c3 Qxh2 11. cxd4 Qxf2+ 12. Kc3 h6 13. Qg6 dxe5 14. dxe5 Qc5+ 15. Kd2 Qxe5 16.
Nc3 Qh2+ 17. Ke1 Qh4+ 18. Kd2 Qf2+ 19. Ne2 Bg4 20. Kc3 Qxe2 21. Bxh6 Rxh6 22.
Qg5 Rh2 23. Rg1 Qxb2+ 24. Kc4 Rc2# 0-1

[Event "Club Championships"]
[Site "Wellington Chess Club"]
[Date "2013.08.08"]
[Round "2"]
[White "Heaton, Ken"]
[Black "Farrington, Lawrence"]
[Result "1-0"]
[WhiteElo "1684"]
[BlackElo "1761"]

1. e4 e6 2. d4 d5 3. Nd2 c5 4. Ngf3 Nc6 5. exd5 exd5 6. dxc5 Bxc5 7. Nb3 Bd6 8.
Bd3 Nge7 9. O-O h6 10. c3 O-O 11. Re1 Bg4 12. Bc2 Ng6 13. Qd3 Bxf3 14. Qxf3
Nce7 15. Nd4 Ne5 16. Qe2 N5g6 17. Qd3 Re8 18. Be3 a6 19. Rad1 Nc6 20. Nf5 Bc7
21. Ng3 {#Diagram} 21... Nge7 $4 22. Nf5 $2 (22. Qh7+ {wins easily} ) 22... Qd7
$2 {Picking up the wrong piece perhaps? Fool me once shame on you, fool me
twice shame on me. Lawrence doesn't get a third chance.} 23. Nxe7+ Nxe7 24.
Qh7+ {and wins as before, although Ken made hard work of winning with the extra
piece the result was never really in doubt.} 24... Kf8 25. Qh8+ Ng8 26. Bh7 Ke7
27. Qxg7 Kd8 28. Bxg8 Be5 29. Bb6+ Bc7 30. Bxc7+ Kxc7 31. Qg3+ Kc6 32. Bh7 Re7
33. Rxe7 Qxe7 34. h3 Re8 35. Bc2 Qe2 36. Qd3 Qxd3 37. Bxd3 b5 38. g4 Re5 39.
Kg2 Kd6 40. Kf3 f6 41. b4 Kc6 42. Bf5 h5 43. Rd2 hxg4+ 44. hxg4 Re1 45. Bc8 Rc1
46. Rd3 Rc2 47. Be6 d4 48. cxd4 Kd6 49. d5 Rxa2 50. Ke3 Ra4 51. Rd4 a5 52. bxa5
Rxa5 53. Kf4 Ra3 54. f3 Rb3 55. Ke4 Rb1 56. Kf5 Rf1 57. f4 Kc5 58. Rd2 Kd6 59.
Bc8 b4 60. g5 fxg5 61. Kxg5 b3 62. Rb2 Kxd5 63. Rxb3 Rg1+ 64. Bg4 Kd6 65. Re3
Ra1 66. f5 Ra8 67. Bh5 Rg8+ 68. Kf6 Rf8+ 69. Bf7 Kd7 70. Kg7 Rb8 71. Be6+ Kd6
72. f6 Rb1 73. Kf8 Rb8+ 74. Kg7 Rd8 75. Rd3+ 1-0

[Event "Club Championships"]
[Site "Wellington Chess Club"]
[Date "2013.08.08"]
[Round "2"]
[White "List, Robert"]
[Black "Brockway, Andrew"]
[Result "1-0"]
[WhiteElo "1702"]
[BlackElo "1770"]

1. e4 c5 2. Nc3 g6 3. Nf3 Nc6 4. Bc4 Bg7 5. a3 e6 6. d3 Nge7 7. h4 h5 8. Bf4 d5
9. Ba2 d4 {#Diagram} 10. Nb5 $4 {No doubt anticipating good times on c7 or d6}
10... Qa5+ $1 {Yeah, nah.} 11. b4 {An interesting philosophical question for
chess players is whether to resign in situations like this. As a child I noted
that the masters I admired in the books always resigned after losing a piece
and so I started following suit. This would be in games between players rated
perhaps 1100 generously. There's a technical term for this, it's called
"congenital stupidity". In today's ever more competitive world I note that
often even high level contests will continue. Masters making a precarious
living in Open tournaments know that even strong opponents make mistakes and
those mistakes might undo their own lapse and by so doing help feed hungry
mouths. } 11... Qxb5 12. bxc5 Qxc5 13. O-O Ne5 14. Ng5 O-O 15. f3 N7c6 16. g4
Qe7 17. gxh5 gxh5 18. Bg3 Bh6 19. Nh3 Kh7 20. f4 Ng4 21. Qf3 f5 22. exf5 exf5
23. Rfe1 Qg7 24. Rab1 Ne3 25. Ng5+ Bxg5 26. hxg5 Kg6 27. c3 Ng4 28. Qd5
{#Diagram} 28... Rd8 {Looks reasonable but...} 29. Re6+ $1 {Ups the ante to a
whole rook but forces Black to make some precise moves. I feel sorry for Andrew
because it is actually easier to play White in situations like this - you can
try desperate ideas like this because you haven't got anything to lose.} 29...
Bxe6 30. Qxe6+ Kh7 31. Qxf5+ Qg6 $4 (31... Kh8 32. g6 dxc3 33. Qxh5+ Nh6) 32.
Rxb7+ Kh8 33. Qxg6 1-0

[Event "Club Championships"]
[Site "Wellington Chess Club"]
[Date "2013.08.08"]
[Round "2"]
[White "Marney, John"]
[Black "Sknar, Andrew"]
[Result "1-0"]
[WhiteElo "1600"]
[BlackElo "1370"]

1. e4 e5 2. Nf3 Nf6 3. Nxe5 d6 4. Nf3 Nxe4 5. Nc3 Nc5 6. d4 Qe7+ 7. Be3 Ne6 8.
Be2 h6 9. O-O Ng5 10. Re1 Nxf3+ 11. Bxf3 {#Diagram Black has spent far too many
moves hopping his king knight around the board, only to exchange it off. He is
now way behind in development and in deep trouble with his two tallest pieces
on an open file White has already occupied with a rook.} 11... Qd7 $2 (11...
Kd8 {was mandatory} ) 12. Bxh6+ (12. Bg5+ {Would actually win way more
material, but it doesn't matter John shows he knows how to convert a winning
position.} ) 12... Kd8 13. Bf4 Nc6 14. Qd2 Ne7 15. Re3 c6 16. Ne4 Ng6 17. Bg3
b6 18. c4 a5 19. b4 Nh4 20. Be2 Nf5 21. Bg4 Qc7 22. Bxf5 Bxf5 23. a4 Qd7 24. b5
c5 25. Rd1 Bxe4 26. Rxe4 Rh6 27. dxc5 Ra7 28. c6 Qc7 29. Qg5+ f6 30. Qd5 Qb8
31. Bxd6 Bxd6 32. Qxd6+ Qxd6 33. Rxd6+ Kc8 34. Re8+ Kc7 35. Rd7# 1-0

[Event "Club Championships"]
[Site "Wellington Chess Club"]
[Date "2013.08.08"]
[Round "2"]
[White "Miriyala, Rama Rao"]
[Black "Tionko, Efrain"]
[Result "0-1"]
[WhiteElo "1906"]
[BlackElo "1844"]

1. Nf3 Nf6 2. d4 g6 3. g3 Bg7 4. Bg2 O-O 5. O-O d6 6. Bf4 Nc6 7. Nc3 a6 8. Qd2
Rb8 9. Bh6 e5 10. d5 Bxh6 11. Qxh6 Ng4 12. Qd2 Ne7 13. h3 Nf6 14. e4 Kg7 15.
Rad1 h6 16. Nh2 Nh5 17. Ne2 f5 18. f4 fxe4 19. Qc3 Nf6 20. fxe5 dxe5 21. Qxe5
Qd6 22. Qxd6 cxd6 23. Nc3 b5 24. g4 Bb7 25. Nxe4 Nxe4 26. Bxe4 Rbc8 27. c3
Rxf1+ 28. Nxf1 Kf6 29. Ne3 Ke5 30. Bg2 Rc5 31. Rd3 a5 {White lost on time} 0-1

[Event "Club Championships"]
[Site "Wellington Chess Club"]
[Date "2013.08.08"]
[Round "2"]
[White "Roberts, Michael"]
[Black "Cook, John"]
[Result "1-0"]
[WhiteElo "1781"]
[BlackElo "1604"]

1. e4 c5 2. Nf3 Nc6 3. d4 cxd4 4. Nxd4 Nf6 5. Nc3 a6 6. Be2 e6 7. Nxc6 bxc6 8.
e5 Nd5 9. Nxd5 cxd5 10. O-O Bc5 11. Kh1 O-O 12. Bd3 f5 13. f4 Bb7 14. Qd2 d4
15. b4 Bb6 16. a4 a5 17. Ba3 Re8 18. b5 Rc8 19. Qf2 Bd5 20. Bb2 d6 21. Bxd4
Bxd4 22. Qxd4 dxe5 23. Qxe5 Rc5 24. Qe3 Qb6 25. Qf2 Rec8 26. Rae1 Qd6 27. Re5
R5c7 28. Qe1 Bc4 29. Bxc4 Rxc4 30. Rxe6 Qd7 31. Qe5 Re4 32. Rd6 Qc7 33. Qd5+
Kh8 34. Rc6 Qb7 35. Rd1 Rce8 36. h3 Qb8 37. g3 Qa7 38. Qc5 Qf7 39. Rc8
{#Diagram} 39... Qh5 $2 40. Qf8+ $1 1-0